<?xml version="1.0" encoding="UTF-8"?><OAI-PMH xmlns="http://www.openarchives.org/OAI/2.0/" xmlns:xsi="http://www.w3.org/2001/XMLSchema-instance"     xsi:schemaLocation="http://www.openarchives.org/OAI/2.0/ http://www.openarchives.org/OAI/2.0/OAI-PMH.xsd"><responseDate>2026-05-17T00:55:51Z</responseDate><request verb="GetRecord" identifier="oai:regmurcia.com:fintegr.1725" metadataPrefix="marc21">http://oai.regmurcia.com/oai2/oai2.php</request><GetRecord><record><header><identifier>oai:regmurcia.com:fintegr.1725</identifier><datestamp>2026-05-17</datestamp><setSpec>documentos</setSpec></header><metadata><record  xmlns="http://www.loc.gov/MARC21/slim" xmlns:xsi="http://www.w3.org/2001/XMLSchema-instance" xsi:schemaLocation="http://www.loc.gov/MARC21/slim http://www.loc.gov/standards/marcxml/schema/MARC21slim.xsd" type="Bibliographic"><leader>00000nam a2200000   4500</leader><controlfield tag="001" >005075762</controlfield><controlfield tag="003" >1725</controlfield><controlfield tag="004" >A00000000</controlfield><datafield tag="245" ind1=" " ind2=" "><subfield code="a">Testimonio del requerimiento del capitán Juan de Benavides de mandar tropas a Lorca para trabajos de tala en las fronteras con Granada.</subfield></datafield><datafield tag="300" ind1=" " ind2=" "><subfield code="c">220 x 152, 212 x 220 mm.</subfield></datafield><datafield tag="300" ind1=" " ind2=" "><subfield code="a">5 fol.</subfield></datafield><datafield tag="351" ind1=" " ind2=" "><subfield code="a">Unidad Documental</subfield><subfield code="c">Archivo de Murcia. Array</subfield><subfield code="a">Unidad Documental</subfield><subfield code="c">Archivo de Murcia. Array</subfield></datafield><datafield tag="351" ind1=" " ind2=" "><subfield code="b">Nº 96</subfield></datafield><datafield tag="506" ind1=" " ind2=" "><subfield code="a">Acceso restringido</subfield></datafield><datafield tag="520" ind1=" " ind2=" "><subfield code="a">El documento contiene:&lt;/br&gt;- Testimonio de la presentación ante el conce jo de Murcia de una carta de Juan de Benavides, por parte de Juan Garrido. (1485-3-29. Murcia). Fol. 1r-v&lt;/br&gt;- Carta del capitán Juan de Benavides al concejo de Murcia, ordenando el envío de caballeros y peones a Lorca para que se dirijan a la frontera con el Reino de Granada y participen en la tala de árboles que allí va a realizarse. (1485-3-27. Lorca). Fol. 2r-v&lt;/br&gt;- Respuesta del concejo: aunque se trata de una tarea peligrosa, cumple la orden del capitán y comunica que enviará las tropas con el corregidor y estandarte de la ciudad. (1485-3-29. Murcia). Fol. 3r-4r&lt;/br&gt;- El concejo ordena pregonar públicamente esta orden. (1485-3-27/1485-3-31/1485-4-4. Murcia). Fol. 4r-v&lt;/br&gt;- El corregidor de Librilla llega a Murcia para organizar la partida de las tropas a Lorca. El concejo le comunica que de momento solamente pueden partir 60 caballeros, debido a las necesidades que sufre la ciudad. (1485-4-4. Murcia). Fol. 4v-5r</subfield></datafield><datafield tag="583" ind1=" " ind2=" "><subfield code="u">http://www.regmurcia.com/servlet/s.Sl?METHOD=VERDOCUMENTO&amp;sit=serv,Carmesi&amp;n=/01/1546/indice.djvu</subfield></datafield><datafield tag="592" ind1=" " ind2=" "><subfield code="a">1485-03-29/1485-04-04</subfield></datafield><datafield tag="592" ind1=" " ind2=" "><subfield code="d">1485-04-04 00:00:00</subfield></datafield><datafield tag="651" ind1=" " ind2=" "><subfield code="a">Murcia</subfield></datafield><datafield tag="786" ind1=" " ind2=" "><subfield code="o">http://www.regmurcia.com/servlet/s.Sl?METHOD=VERDOCUMENTO&amp;sit=serv,Carmesi&amp;n=/01/1546/indice.djvu</subfield></datafield><datafield tag="856" ind1=" " ind2=" "><subfield code="u">http://www.regmurcia.com/servlet/s.Sl?METHOD=DETALLE&amp;sit=c,373,m,139,serv,Carmesi&amp;id=1725</subfield></datafield></record></metadata></record></GetRecord></OAI-PMH>
